Akis (Record no. 11492)

MARC details
000 -BAŞLIK
Sabit Uzunlukta Kontrol Alanı 00704na a2200277 4500
001 - KONTROL NUMARASI
Denetim Alanı 21902
003 - KONTROL NUMARASI IDENTIFIER
Denetim Alanı MIRAKIL
005 - SON İŞLEM TARİHİ VE ZAMANI
Denetim Alanı 20181226092846.0
008 - SABİT-BOY VERİ ELEMANLARI - GENEL BİLGİLER
Sabit Uzunlukta Kontrol Alanı 170209b tu n0 0 0
035 ## - SİSTEM KONTROL NUMARASI
Sistem Kontrol Numarası 20918
040 ## - KATALOGLAMA KAYNAK
Orijinal Kataloglama Ajansı Milas
Kataloglama Dili tur
Metne Dönüştürmek Ajansı TR-AnCHP
041 ## - DİL KODU
Metin / Ses Parça Veya Ayrı Başlığın Dil Kodu tur
090 ## - SINIFLAMA NUMARASI
Sınıflama Numarası 050 DER 49
222 ## - ANAHTAR ADI
Anahtar Başlık Akis
245 ## - BAŞLIK TABLOSU
Başlık Akis
Başlığın Kalan haftalık aktualite mecmuası
Sorumluluk Tablosu, Vb [yayınlayan] Metin Toker, Kurtul Altuğ
246 ## - UNVAN FORM VARYING
Başlık Doğru / Kısa Başlığı Akis mecmuası
246 ## - UNVAN FORM VARYING
Başlık Doğru / Kısa Başlığı Akis dergisi
260 ## - YAYIN, DAĞITIM, VB
Yayın, Dağıtım, Vb Yeri Ankara
Yayın, Dağıtım, Vb Tarihi 1954-1968
300 ## - FİZİKSEL TANIM
Kapsam c.
Diğer Fiziksel Ayrıntıları res.
Boyutlar 27 sm.
650 ## - KONU KATMA GİRİŞ - TOPİKAL DÖNEM
Topikal Süreli Veya Coğrafi Ad Giriş Elemanı Kültür
Form Alt Bölümü Süreli yayınlar
700 ## - KATMA GİRİŞ - KİŞİSEL İSİM
Kişisel Ad Toker, Metin
700 ## - KATMA GİRİŞ - KİŞİSEL İSİM
Kişisel Ad Altuğ, Kurtul
910 ## - KULLANICI SEÇENEK, VERİLERİN (OCLC)
Kullanıcı Seçenek Veri DERGİ 49
942 ## - EKLENDİ GİRİŞ ELEMANLARI (KOHA)
Sınıflandırma Veya Raf Düzeni Kaynak Dewey Decimal Classification
Koha Öğesi Türü Serials
999 ## - SİSTEM KONTROL NUMARALARI (KOHA)
Koha Biblionumber 11492
Koha Biblioitemnumber 11492
310 ## - MEVCUT YAYIN FREKANSI
Güncel Yayın Frekansı Haftalık
Holdings
Kullanım Kısıtlamaları Kalıcı Konum Mevcut Konum Edinme Tarihi Kodlu Konum Eleme Toplam Check-Out'Lar Tam Çağrı Numarası Barkod Tarih Son Görülme İtibaren Geçerli Fiyatlar Sigara Kamu Notu Koha Öğesi Türü
Kütüphane dışına çıkarılamaz CHP Kütüphanesi CHP Kütüphanesi 02/08/2017 SÜRELİ YAYINLAR   050 DER 184 D049 02/08/2017 02/08/2017 Serials